000 00634nam 22002053 4500
001 201050
010 _a88-7741-886-9
090 _a201050
100 _a20260306d u||y0pory50 ba
200 _aCorale dell' inquietudine
_fDomenico Corradini Broussard
210 _aPisa
_cEdizioni ETS
_dcop. 1996
215 _a36 p.
_cbrochado
_d17 cm
300 _aContém dedicatória do escritor
606 _915
_aLiteratura Italiana
610 _aEm Língua Italiana
675 _a821.131.1-1"19"
_vIT
_zita
700 _916667
_aBroussard
_bDomenico Corradini
_f1942-2020
801 _aPT
_bBMMN
_gRPC
830 _cAna Falardo
_fAna Falardo
990 _cLIVROS